000 02105cam a22004574i 4500
003 PE-LiUPU
005 20250731172819.0
008 150617s r 000 0 d
035 _a(Sirsi) a13930
040 _aPE-LiUPU
_bspa
_cPE-LiUPU
_erda
049 _aPRUA
082 0 4 _a261.8
_bM79
_221
100 1 _aMoreno Rejón, Francisco,
_d1952- ,
_eautor.
245 1 0 _aSalvar la vida de los pobres :
_baportes a la teología moral /
_cFrancisco Moreno Rejón.
264 1 _aLima :
_bInstituto Bartolomé de las Casas (CEP),
_c1986.
300 _a246 páginas ;
_c20 cm
336 _atext
_2rdacontent
337 _aunmediated
_2rdamedia
338 _avolume
_2rdacarrier
490 0 _aCEP 1986 ;
_v81
505 0 _aTeología moral:método y perspectivas: Salvar la vida de los pobres. El quehacer de la teología moral hoy en América Latina. -Antecedentes históricos de la teología política y de la liberación en América Latina. -El método teológico-moral. -Perspectivas para una ética de la liberación. -A la búsqueda del reino y su justicia . -Etica, utopía y espiritualidad: Planteamiento teológico-moral del pecado. -Dimención utópica de la ética. -La relación entre la ética y espiritualidad. -Familia y reflexión moral: Consideraciones morales en torno a la familia. -Cuestionamientos a la ética teológica desde las familias marginales.
526 _aSEG42
526 _aSEG41
526 _aSEG40
526 _aSEG39
526 _aP94
526 _aP87
526 _aP86
526 _aP85
526 _aP77
526 _aP76
526 _aP35
650 0 4 _aEtica cristiana
_zAmérica Latina.
910 _ajck
_bjvq
_cjck
_d20150616
942 _2ddc
_cBOOK
949 _a261.8 M79
_wDEWEY
_c1
_i28458
_lCCODEBUL1
_mBUL
_p00.00
_r0
_sY
_tBOOK
_u19920614
_xTEOLOGIA
_PP35
_0COMPRA
_o.STAFF. Colección General
994 _aC0
_bPEPRU
596 _a1
999 _a261.8 M79
_wDEWEY
_c4352
_i28458
_f2021-11-12
_g5
_lCCODEBUL1
_mBUL
_r0
_sY
_tBOOK
_u2015-6-17
_xTEOLOGIA
_PP35
_0COMPRA
_o.STAFF. Colección General
_d4352
980 _81
_gALBERTO SANCHEZ Responsable de Automatización